Générique Barbapapa - Paroles - Statistiques

Statistiques générales
  • Ce quiz a été pris 671 fois
  • Le résultat moyen est 9 sur 13
Statistiques - réponses
Paroles % Correct
Voici venir les {Barbapapa}
100%
Viens avec {nous} chez Barbapapa
95%
Viens avec {nous} chez Barbapapa
88%
On fait les {fous}
86%
Dans la {famille} des Barbapapa
82%
Viens avec {nous} chez Barbapapa
78%
Viens avec {nous} chez Barbapapa
78%
Ils se transforment à {volonté}
76%
Courts, longs, {carrés}
62%
Barbotine et Barbibulle et {Barbalala}
47%
Barbouille, Barbabelle et {Barbidur}
33%
Il y Barbapapa, Barbamama, {Barbidou}
33%
Minces, gros ou {ronds}
25%
Aucun quiz correspondant
Distribution des résultats
% des personnes avec chaque résultat
Percentile par nombre de réponses
Votre historique - résultats
Vous n’avez pas pris ce quiz